书目信息 |
| 题名: |
中国公民出国签证手册
|
|
| 作者: | 李连起 主编 | |
| 分册: | 下 | |
| 出版信息: | 北京 北京出版社 2014 |
|
| 页数: | 244页 | |
| 开本: | 26cm | |
| 丛书名: | ||
| 单 册: | ||
| 中图分类: | D631.46-62 , D631.46 | |
| 科图分类: | ||
| 主题词: | 出入境管理--中国--手册 | |
| 电子资源: | ||
| ISBN: | 978-7-200-10465-3 | |
| 000 | 01019nam0 2200229 450 | |
| 001 | 2334127913 | |
| 005 | 20231203092925.28 | |
| 010 | @a978-7-200-10465-3@dCNY99.00, CNY198.00 (全2册) | |
| 100 | @a20150316d2014 em y0chiy50 ea | |
| 101 | 0 | @achi |
| 102 | @aCN@b110000 | |
| 105 | @aak z 000yy | |
| 200 | 1 | @a中国公民出国签证手册@Azhong guo gong min chu guo qian zheng shou ce@h下@f李连起主编 |
| 210 | @a北京@c北京出版社@d2014 | |
| 215 | @a244页@c彩图@d26cm | |
| 330 | @a中国公民出国需向各国驻华使领馆申办入境签证。签证一般分为短期和长期签证。按其出行目的分为旅游、留学/交换生、探亲访友、商务、会议/会展、工作/劳务、记者、运动员、宗教、居留/永久居留等签证。各国驻华使领馆设有办理或委托办理签证机构, 负责受理签证申请人的签证申请。为帮助我国公民顺利申办签证, 我们组织多年从事签证的工作人编写了《中国公民出国签证大全》。 | |
| 606 | 0 | @a出入境管理@y中国@j手册 |
| 690 | @aD631.46-62@v5 | |
| 690 | @aD631.46@v4 | |
| 701 | 0 | @a李连起@Ali lian qi@4主编 |
| 801 | 0 | @aCN@b湖北三新@c20150316 |
| 905 | @aZUCC@dD631.46@e5:2 | |
| 中国公民出国签证手册.下/李连起主编.-北京:北京出版社,2014 |
| 244页:彩图;26cm |
| ISBN 978-7-200-10465-3:CNY99.00, CNY198.00 (全2册) |
| 中国公民出国需向各国驻华使领馆申办入境签证。签证一般分为短期和长期签证。按其出行目的分为旅游、留学/交换生、探亲访友、商务、会议/会展、工作/劳务、记者、运动员、宗教、居留/永久居留等签证。各国驻华使领馆设有办理或委托办理签证机构, 负责受理签证申请人的签证申请。为帮助我国公民顺利申办签证, 我们组织多年从事签证的工作人编写了《中国公民出国签证大全》。 |
| ● |
| 相关链接 |
|
|
|
正题名:中国公民出国签证手册
索取号:D631.46/5:2
 
预约/预借
| 序号 | 登录号 | 条形码 | 馆藏地/架位号 | 状态 | 备注 |
| 1 | 2001305743 | 2001305743 | 403书库/ [索取号:D631.46/5:2] | 在馆 | |
| 2 | 2001305744 | 2001305744 | 403书库/ [索取号:D631.46/5:2] | 在馆 | |
| 3 | 2001305745 | 2001305745 | 403书库/ [索取号:D631.46/5:2] | 在馆 | |
| 4 | 2001305746 | 2001305746 | 403书库/ [索取号:D631.46/5:2] | 在馆 | |
| 5 | 2001305747 | 2001305747 | 315书库/ [索取号:D631.46/5:2] | 在馆 | |
| 6 | 2001305748 | 2001305748 | 315书库/ [索取号:D631.46/5:2] | 在馆 | |
| 7 | 2001305749 | 2001305749 | 315书库/ [索取号:D631.46/5:2] | 在馆 | |
| 8 | 2001305750 | 2001305750 | 315书库/ [索取号:D631.46/5:2] | 在馆 | |
| 9 | 2001305751 | 2001305751 | 315书库/ [索取号:D631.46/5:2] | 在馆 | |
| 10 | 2001305752 | 2001305752 | 315书库/ [索取号:D631.46/5:2] | 在馆 |